Quizzes
Events
Quiz Creation
Community
Videos
Private Events
Remove Ads
Sign In
Join for FREE
Feedback
Dark Mode
Quiz Categories
Sports
Geography
Music
Movies
Television
Just For Fun
Miscellaneous
History
Literature
Language
Science
Gaming
Entertainment
Religion
Holiday
For Kids
Quiz Lab
Recent
Popular Today
Quiz Kudos Today
Editor Picks
Curator Picks
Quizzes by...
Day
Popularity
Type
Ratings
Length
Year
Community
Subscriptions
Recent Discussions
Orange Saloon
Badges
Playlists
Quests
Create
Leaderboards
Showdown
Live 5
Trivia Bingo
Activity
Puzzle Library
Sporcle Events
Private Events
Virtual Trivia
Globe League
Become a Host
Pub Owners
SporcleCon
Opinionation
Our Games
Videos
Blog
Mobile Apps
Partnerships
Remove Ads and Go Orange
Feedback
Sports
Athletes
MLB
NBA
NHL
NFL
Soccer
Sports Teams
WWE
NCAA
Football
Premier League
Basketball
Baseball
Hockey
Golf
Tennis
Cricket
Rugby
Auto Racing
Olympics
World Cup
Sports
Athletes
MLB
NBA
NHL
NFL
Soccer
Sports Teams
WWE
NCAA
Football
Premier League
Basketball
Baseball
Hockey
Golf
Tennis
Cricket
Rugby
Auto Racing
Olympics
World Cup
Random Quiz
Search Sporcle
×
Quiz Lab
Quiz Lab
Sports
Baseball
Type in answers that appear in a list
Type in answers that appear in a list
Classic
Best Score? Go Orange.
American States without MLB Teams Stats
Can you name the American States without MLB Teams?
By
cookiejosh13
5m
33 Questions
408 Plays
408 Plays
408 Plays
Comments
Comments
Give Quiz Kudos
Give Quiz Kudos
-
- Ratings
hide this ad
Replay
Link that replays current quiz
Next Quiz
Link to next quiz in quiz playlist
You Got
0%
They Got
Avg Score
76%
Avg Friend Score
Upgrade to see
Score Distribution
Jump to the score distribution portion of the page
Score
0/33
Timer
05:00
0
Plays Today
Sport
State
% Correct
Baseball
Maine
91.4%
Baseball
North Dakota
89%
Baseball
Oregon
87.7%
Baseball
Alaska
85%
Baseball
North Carolina
85%
Baseball
New Hampshire
84.6%
Baseball
New Mexico
83.8%
Baseball
Hawaii
82.6%
Baseball
Alabama
82.6%
Baseball
Rhode Island
82.4%
Baseball
Montana
82.4%
Baseabll
Vermont
82.1%
Baseball
Idaho
82.1%
Baseball
Kentucky
79.9%
Baseball
Tennessee
79.9%
Baseball
Nevada
78.2%
Baseball
Connecticut
77%
Sport
State
% Correct
Baseball
Arkansas
76.7%
Baseball
Delaware
76%
Baseball
Kansas
75.5%
Baseball
Wyoming
75.2%
Baseball
Utah
74.8%
Baseball
Oklahoma
74.3%
Baseball
Iowa
74%
Baseball
Indiana
72.1%
Baseball
South Dakota
69.6%
Baseball
South Carolina
68.6%
Baseball
West Virginia
66.4%
Baseball
Virginia
64.7%
Baseball
Mississippi
61.5%
Baseball
Louisiana
60.5%
Baseball
Nebraska
58.8%
Baseball
New Jersey
58.6%
Quiz Playlist
Details
Report
Send in Message
Add To Playlist
Classic:
Type in answers that appear in a list
Last Updated: Feb 16, 2017
Quiz Scoreboard
CHALLENGE
Sign Up to Join the Scoreboard
Show All
Scores
Hide
Comments
May contain spoilers
Recently Published
1-10 Letter E Words III
by El_Dandy
Language
2m
One Thing in Common: World Cities II
by knightlancer
Geography
7m
Popular People in 1961
by mucciniale
History
6m
More to Explore
Quiz From the Vault
Featured Blog Post
Where Did the Easter Bunny Come From?
hide this ad
You Might Also Like...
Tags
Baseball Quiz
MLB Quiz
State Quiz
United States Quiz
America
team
Today's Top Quizzes in Sports
Browse Sports
hide this ad
Today's Top Quizzes in Baseball
Browse Baseball
Top Contributed Quizzes in Sports
1
Les meilleurs buteurs des matchs entre le PSG et l’OM
2
Les entraîneurs de l'OM et du PSG au 21e siècle
3
FIFA Club World Cup Champions
4
2022 World Cup Stars
5
Name the Premier League winners with different clubs
6
La finale Lions - Afrique du Sud 2021
7
Criteria MLB: Left Handed Sluggers
8
Players with Multiple 50 Home Run Seasons
9
MLB Players with Two .350 Batting Average Seasons
10
MLB Hall of Famer by Rings
Explore More
Trending Topics
Marvel
NBA
Crossword
Anime
Harry Potter
Kpop
Disney
Pokémon
NFL
Song
The Office
Puzzle
Country
Soccer
WWE
hide this ad
More By:
cookiejosh13
Quiz
Plays
Rating
Category
Featured
Created
pittsburgh steelers roster 2010-2011
922
3.00
Sports
Feb 6, 2011
Pittsburgh Penguins Career Records
387
3.50
Sports
Jun 1, 2011
NHL team captains 2011
250
2.38
Sports
May 18, 2011
Leafs Roster 2010-2011
177
2.50
Sports
Feb 6, 2011
NHL teams without a stanley cup
162
3.00
Sports
Jun 8, 2011
Go to Creator's Profile
Score Distribution
Quiz Creator Spotlight
cookiejosh13
Follow
Send a Message
Quizzes Created
-
Created Quiz Play Count
-
More By This Creator
Popular Quizzes Today
1
Find the US States - No Outlines Minefield
2
Find the Countries of Europe - No Outlines Minefield
3
The Countries of the World
4
Popular People in 1961
5
1-10 Letter E Words III
6
Find the US States
7
One Thing in Common: World Cities II
8
US States
More Sports Quizzes
Find the BTCC Cars
Curator's Pick
Trending Quizzes
Risky Map Clicking: Least Populous States A-Z
1-10 Letter F Words
1-10 Letter G Words
One Thing in Common: United Kingdom
Risky Map Clicking: Biggest States A-Z
Recently Updated
Leaping Animals
pecheneg
Reality TV Shows (A-Z)
bhenderson79
Rickey Henderson's Hall of Fame Teammates
pecheneg
Champions League XIs: Arsenal
pecheneg
Quick Pick: Celebrities in WWE's Hall of Fame
aduchscher
A-Z Keypad Blitz II
pecheneg
Multiple Oscar Actors
pecheneg
Mystery Phrase Blitz: Oscar 'Best Actors'
pecheneg
F. Scott Fitzgerald Novels
LTH
Pick 3 Villains
ddd62291
Trending Topics
Crossword
Marvel
NBA
Harry Potter
Anime
Kpop
Disney
WWE
Song
Puzzle
Soccer
Pokémon
The Office
Country
NFL
Your Account Isn't Verified!
In order to create a playlist on Sporcle, you need to verify the email address you used during registration. Go to your
Sporcle Settings
to finish the process.
Report this User
Report this user for behavior that violates our
Community Guidelines
.
Details:
Send Report
Go to the Sporcle.com Mobile Site →
Comments